| 000 | 00616nam a2200241Ia 4500 | ||
|---|---|---|---|
| 003 | OSt | ||
| 005 | 20221005115554.0 | ||
| 006 | a|||||r|||| 00| 0 | ||
| 007 | ta | ||
| 008 | 221004b |||||||| |||| 00| 0 eng d | ||
| 024 | _a67306 | ||
| 037 | _cTextual | ||
| 040 |
_aCRL _cCRL _beng |
||
| 041 |
_2eng _aeng |
||
| 082 | _aV41:19(zD).N9, N4 | ||
| 100 |
_aEftimiades Nicholas _9627776 |
||
| 245 | 0 | _aChinese intelligence operations | |
| 260 | _c1994 | ||
| 300 |
_a169p. _ccm. |
||
| 650 | _aHISTORY | ||
| 942 |
_hV41:19(zD).N9, N4 _cTEXL _2cc |
||
| 999 |
_c1035250 _d1035250 |
||